00352nam a2200109Ia 450000500170000000800410001710000280005824500840008626000520017030000110022265000090023320260326100032.0260326s9999||||xx |||||||||||||| ||und|| aMolina de Line, María 0aCosta Rica Movimientos Históricos y Arqueológicos /cMaría Molina de Line bIntituto Panamericano de Geografía e Historia a221 p. aARTE